Wavelength tables of sensitive lines.

Bibliographic Details
Main Author: Ahrens, L. H. (Louis Herman), 1918-
Format: Book
Language:English
Published: Cambridge, Mass. : Addison-Wesley Press, 1951.
Subjects:

MARC

Tag First Indicator Second Indicator Subfields
LEADER 00000cam a2200000 4500
001 in00000042038
005 20151007070716.0
008 741127s1951 mau b 00000 eng u
010 |a  51012170  
035 |a (OCoLC)01090476 
035 |9 AAE4557AM 
040 |c TLM  |d TXA  |d UtOrBLW 
049 |a TXAM  |c [200277] 
050 0 |a QC453  |b .A35 
092 |a 535.84  |b A287w 
100 1 |a Ahrens, L. H.  |q (Louis Herman),  |d 1918- 
245 1 0 |a Wavelength tables of sensitive lines. 
264 1 |a Cambridge, Mass. :  |b Addison-Wesley Press,  |c 1951. 
300 |a 86 pages ;  |c 24 cm. 
336 |a text  |b txt  |2 rdacontent 
337 |a unmediated  |b n  |2 rdamedia 
338 |a volume  |b nc  |2 rdacarrier 
504 |a Bibliography: page 86. 
650 0 |a Spectrum analysis  |v Tables. 
999 |a MARS 
999 f f |s 09e41d23-250f-3ea8-9dfd-92e20a8cb127  |i 9a7ce283-2e95-3937-9fc6-2f4c464c2322  |t 0 
952 f f |p ric  |a Texas A&M University  |b Rellis Campus  |c Joint Library Facility  |d Remote Storage  |t 0  |e QC453 .A35  |h Library of Congress classification  |i unmediated -- volume  |m A14800917903 
998 f f |a QC453 .A35  |t 0  |l Remote Storage